| 000 | 00335nam a22001337a 4500 | ||
|---|---|---|---|
| 082 |
_a500 _bPOO/S |
||
| 100 | _aPOOJAMOL | ||
| 245 | _aCBSE SCIENCE -9 - EXAM POINT | ||
| 246 |
_aCBSE SCIENCE -9 - EXAM POINT _bCBSE SCIENCE -9 - EXAM POINT |
||
| 260 |
_aINDIA _bMAXIMUM _c2024 |
||
| 300 | _a462 | ||
| 650 | _aSCIENCE REFERENCE | ||
| 942 | _cBK | ||
| 999 |
_c8911 _d8911 |
||